000 01135naa a22003257a 4500
001 BR8105959
003 BR-BrBNA
005 20240918174906.0
007 ta
008 230509b bl.||||| |||| 00| 0 por d
040 _aBR-BrBNA
_bpor
_cBiblioteca Nacional de Agricultura
041 _a(Pt)
072 _aF60
_b1530
_b3801
090 _aF60 BR8105959
100 1 _aFernandes, P.D.
100 1 _aOliveira, G.D. de
100 1 _aHaag, H.P.
245 1 _aExtracao de macronutrientes pela cenoura cultivada em condicoes de campo [Daucus carota]
260 3 _aCampinas, SP (Brasil):
_c1981.
500 _aHaag, H.P.; Minami, K. (eds.) Nutricao mineral em hortalicas Campinas, SP (Brasil): 1981. p. 313-325 (BR8105959-AM)F60
650 _aCENOURA
650 _aMACROELEMENTO
650 _aNUTRIENTE
650 _aABSORCAO
650 _aANALISE QUIMICA
650 _aCRESCIMENTO
773 0 _tNutricao mineral em hortalicas
_aHaag, H.P.; Minami, K. (eds.). Fundacao Cargill, Campinas, SP (Brasil)
_wF60 BR8105959
_gCampinas, SP (Brasil), 1981. p. 313-325
909 _a202404
_bLucia
_c55
_dLucia Elande
942 _cAM
_2AGRIS
999 _c314249
_d314249